000
00353nam a2200133Ia 4500
008
240614s9999 xx 000 0 und d
041
_a
mar
100
_a
रसाळ, सुधीर
_9
204436
245
_a
समीक्षा आणि समीक्षक
250
_a
1st
260
_b
Sayan
_c
2021
_a
Pune
300
_a
264
650
_a
General
999
_c
358129
_d
358129